[Event "GER-ch Youth-A"]
[Site "Willingen"]
[Date "2022.06.11"]
[Round "9"]
[White "Hofmann, Lorenz"]
[Black "Wensing, Maximilian"]
[Result "1-0"]
[WhiteElo "2056"]
[BlackElo "2063"]
[PlyCount "101"]
[EventDate "2022.06.04"]
[EventType "swiss"]
[EventRounds "9"]
[EventCountry "GER"]
[SourceTitle "CBM 208 Extra"]
[Source "ChessBase"]
[SourceDate "2022.07.31"]
[SourceVersion "1"]
[SourceVersionDate "2022.07.31"]
[SourceQuality "1"]

1. d4 Nf6 2. c4 g6 3. f3 c5 4. d5 e6 5. e4 d6 6. Nc3 exd5 7. cxd5 Bg7 8. Be3 0-0 9. Qd2 a6 10. a4 Re8 11. Bd3 Nbd7 12. Nh3 Ne5 13. Nf2 Nxd3+ 14. Qxd3 Bd7 15. a5 b5 16. axb6 Qxb6 17. Rb1 a5 18. g4 Bc8 19. h4 Ba6 20. Qd2 Nd7 21. f4 Qb3 22. Nfd1 Nb6 23. h5 Nc4 24. Qf2 Nxe3 25. Qxe3 Qb4 26. hxg6 hxg6 27. f5 Ra7 28. Nf2 Rae7 29. Kd2 Rxe4 30. Nfxe4 Rxe4 31. Qxe4 Bxc3+ 32. Ke3 Bd4+ 33. Kf3 Qb3+ 34. Kg2 Be5 35. Rh3 Qc4 36. Qxc4 Bxc4 37. Rd1 Be2 38. Re1 Bxg4 39. Rhe3 Bd4 40. fxg6 Bxe3 41. gxf7+ Kxf7 42. Rxe3 a4 43. Kg3 Bc8 44. Kf4 Kf6 45. Re1 Bh3 46. Re2 Bc8 47. Re8 Bh3 48. Re2 Bc8 49. Rh2 Bf5 50. Rh8 Bc2 51. Re8 1-0

[Event "Muensterland Regionalliga playoff Gr2"]
[Site "Germany"]
[Date "2022.04.09"]
[Round "2.1"]
[White "Kamphuis, Jasper"]
[Black "Wensing, Maximilian"]
[Result "0-1"]
[WhiteElo "2047"]
[BlackElo "2151"]
[PlyCount "70"]
[EventDate "2022.03.19"]
[EventType "team-tourn"]
[EventRounds "5"]
[EventCountry "GER"]
[SourceTitle "EXT 2023"]
[Source "ChessBase"]
[SourceDate "2022.10.05"]
[SourceVersion "1"]
[SourceVersionDate "2022.10.05"]
[SourceQuality "1"]
[WhiteTeam "Gronau"]
[BlackTeam "Ahaus Wessum"]
[WhiteTeamCountry "GER"]
[BlackTeamCountry "GER"]

1. e4 c5 2. Nf3 d6 3. d4 cxd4 4. Nxd4 Nf6 5. Nc3 a6 6. Bc4 e6 7. f3 Be7 8. Be3 Qc7 9. Bb3 Nc6 10. Qd2 0-0 11. 0-0-0 b5 12. g4 Na5 13. h4 Nc4 14. Qd3 Nd7 15. h5 Nc5 16. Qe2 Nxe3 17. Qxe3 b4 18. Nce2 a5 19. g5 Nxb3+ 20. Nxb3 a4 21. Nbd4 e5 22. Nf5 Bxf5 23. exf5 b3 24. axb3 axb3 25. Nc3 d5 26. f6 d4 27. Qe4 dxc3 28. cxb3 cxb2+ 29. Kb1 Qa7 30. Qa4 Qxa4 31. bxa4 gxf6 32. gxf6 Bxf6 33. Rd6 Rxa4 34. Kxb2 Rb8+ 35. Kc3 Ra3+ 0-1

[Event "Muensterland op 38th"]
[Site "Muenster"]
[Date "2021.10.15"]
[Round "9"]
[White "Koellner, Aaron Noah"]
[Black "Wensing, Maximilian"]
[Result "0-1"]
[WhiteElo "2158"]
[BlackElo "1990"]
[PlyCount "58"]
[EventDate "2021.10.08"]
[EventType "swiss"]
[EventRounds "9"]
[EventCountry "GER"]
[SourceTitle "EXT 2023"]
[Source "ChessBase"]
[SourceDate "2022.10.05"]
[SourceVersion "1"]
[SourceVersionDate "2022.10.05"]
[SourceQuality "1"]

1. d4 Nf6 2. Nf3 g6 3. Nbd2 c5 4. c3 cxd4 5. cxd4 d5 6. e3 Bg7 7. b4 0-0 8. a4 Ne4 9. Qb3 Nc6 10. Bb2 Nxd2 11. Nxd2 e5 12. dxe5 d4 13. e4 Nxe5 14. Bc4 Nxc4 15. Qxc4 Qg5 16. Qf1 Bh6 17. Rd1 Rd8 18. f4 Qxf4 19. Qxf4 Bxf4 20. Nf3 d3 21. 0-0 Be6 22. Nd2 Be3+ 23. Kh1 Rac8 24. Bf6 Rd7 25. h3 Rc2 26. Nf3 d2 27. Kh2 Rc1 28. Rxd2 Rxf1 29. Rc2 Rc1 0-1

[Event "Muensterland op 38th"]
[Site "Muenster"]
[Date "2021.10.14"]
[Round "8"]
[White "Wensing, Maximilian"]
[Black "Flockert, Ruediger"]
[Result "1/2-1/2"]
[WhiteElo "1990"]
[BlackElo "2140"]
[PlyCount "81"]
[EventDate "2021.10.08"]
[EventType "swiss"]
[EventRounds "9"]
[EventCountry "GER"]
[SourceTitle "EXT 2023"]
[Source "ChessBase"]
[SourceDate "2022.10.05"]
[SourceVersion "1"]
[SourceVersionDate "2022.10.05"]
[SourceQuality "1"]

1. c4 Nf6 2. g3 e6 3. Bg2 d5 4. Nf3 Be7 5. 0-0 0-0 6. b3 c5 7. cxd5 exd5 8. d4 cxd4 9. Nxd4 Nc6 10. Nc3 Nxd4 11. Qxd4 Be6 12. Bb2 Qd7 13. Rfd1 Rfd8 14. Rac1 b6 15. Qd3 Rac8 16. Qb5 Qb7 17. Na4 Rxc1 18. Rxc1 Ne4 19. Qc6 Qxc6 20. Rxc6 Rc8 21. Rxc8+ Bxc8 22. f3 Nf6 23. e3 Kf8 24. Kf2 g6 25. Be5 Nd7 26. Bc7 Nc5 27. Nc3 Bb7 28. Bf1 Ne6 29. Bb8 a6 30. Ba7 b5 31. Ne2 Bc5 32. Bxc5+ Nxc5 33. Nd4 Ne6 34. Nxe6+ fxe6 35. b4 e5 36. f4 Ke7 37. g4 h6 38. Bd3 g5 39. Bf5 Kf6 40. fxg5+ hxg5 41. Ke2 1/2-1/2

[Event "GER-ch U18"]
[Site "Willingen"]
[Date "2020.10.23"]
[Round "6"]
[White "Vogt, Dustin"]
[Black "Wensing, Maximilian"]
[Result "1/2-1/2"]
[WhiteElo "1829"]
[BlackElo "2039"]
[PlyCount "62"]
[EventDate "2020.10.19"]
[EventType "swiss"]
[EventRounds "7"]
[EventCountry "GER"]
[SourceTitle "EXT 2022"]
[Source "ChessBase"]
[SourceDate "2021.10.06"]
[SourceVersion "1"]
[SourceVersionDate "2021.10.06"]
[SourceQuality "1"]

1. e4 c5 2. Ne2 a6 3. g3 b5 4. Bg2 Bb7 5. Nbc3 e6 6. 0-0 Nf6 7. d4 cxd4 8. Nxd4 b4 9. e5 Bxg2 10. Kxg2 bxc3 11. exf6 Qxf6 12. bxc3 Nc6 13. Rb1 Na5 14. Bf4 d5 15. Re1 Be7 16. Be5 Qg6 17. Bc7 Nc4 18. Nc6 Qf6 19. Rb7 Bc5 20. f4 Qxc3 21. Be5 Ne3+ 22. Rxe3 Qxe3 23. Bxg7 Rg8 24. Qg4 Qe4+ 25. Kh3 d4 26. Qh5 Qf5+ 27. Qxf5 exf5 28. Bxd4 Bxd4 29. Nxd4 Kf8 30. Nxf5 Rg6 31. Rc7 Rf6 1/2-1/2

[Event "GER-ch U18"]
[Site "Willingen"]
[Date "2020.10.22"]
[Round "4"]
[White "Wensing, Maximilian"]
[Black "Matthes, Aaron"]
[Result "0-1"]
[WhiteElo "2039"]
[BlackElo "2198"]
[PlyCount "118"]
[EventDate "2020.10.19"]
[EventType "swiss"]
[EventRounds "7"]
[EventCountry "GER"]
[SourceTitle "EXT 2022"]
[Source "ChessBase"]
[SourceDate "2021.10.06"]
[SourceVersion "1"]
[SourceVersionDate "2021.10.06"]
[SourceQuality "1"]

1. c4 Nf6 2. g3 e6 3. Bg2 d5 4. Nf3 Be7 5. 0-0 0-0 6. b3 b6 7. Bb2 c5 8. cxd5 Nxd5 9. d4 Bb7 10. Nc3 Nd7 11. Rc1 N7f6 12. dxc5 Bxc5 13. a3 Nxc3 14. Bxc3 Bxa3 15. Ra1 Bc5 16. e3 a5 17. Bd4 Rc8 18. Rc1 Qe7 19. Qe2 Bxf3 20. Bxf3 Bxd4 21. exd4 Qb4 22. Qe3 h6 23. Kg2 Rfd8 24. Rxc8 Rxc8 25. Rd1 Rd8 26. h4 Nd5 27. Qd3 e5 28. Qf5 Nc3 29. Re1 exd4 30. Bh5 Rf8 31. Qd7 Qxb3 32. Qxd4 Qd5+ 33. Qxd5 Nxd5 34. Bf3 Nb4 35. Re7 Rd8 36. Ra7 g6 37. Be2 Rd6 38. Bc4 Rf6 39. f4 Kg7 40. Rb7 Nc2 41. Kf3 b5 42. Bxb5 Nd4+ 43. Ke4 Nxb5 44. Rxb5 Ra6 45. Rb3 a4 46. Ra3 h5 47. f5 Kf6 48. fxg6 fxg6 49. Kf4 Ke6 50. g4 hxg4 51. Kxg4 Kd5 52. Kg5 Kc5 53. Ra1 a3 54. Ra2 Kb4 55. Ra1 Kb3 56. Rg1 a2 57. Rh1 Rc6 58. Rg1 Kb2 59. Rg2+ Kb1 0-1

[Event "Dortmund NRW Cup U20"]
[Site "Dortmund"]
[Date "2019.07.16"]
[Round "4"]
[White "Wensing, Maximilian"]
[Black "Gutkin, Ilya"]
[Result "1/2-1/2"]
[WhiteElo "2109"]
[BlackElo "2106"]
[PlyCount "77"]
[EventDate "2019.07.13"]
[EventType "tourn"]
[EventRounds "9"]
[EventCountry "GER"]
[SourceTitle "CBM 191 Extra"]
[Source "ChessBase"]
[SourceDate "2019.09.30"]
[SourceVersion "1"]
[SourceVersionDate "2019.09.30"]
[SourceQuality "1"]

1. c4 b6 2. e4 e6 3. Nc3 Bb7 4. g3 Bb4 5. Nge2 f5 6. Bg2 Nf6 7. 0-0 fxe4 8. d3 0-0 9. dxe4 e5 10. a3 Be7 11. Nd5 a5 12. Nec3 Nxd5 13. exd5 Bc5 14. Be4 Qf6 15. Qh5 g6 16. Qg4 d6 17. Bg5 Qf7 18. Bh6 Re8 19. Kg2 Bc8 20. Qh4 Bf5 21. f4 Nd7 22. g4 Bxe4+ 23. Nxe4 exf4 24. Rxf4 Qxf4 25. Bxf4 Rxe4 26. Bg3 Rae8 27. Re1 Rxe1 28. Bxe1 Bd4 29. b4 Bf6 30. g5 Bd8 31. Qg4 Ne5 32. Qc8 axb4 33. Bxb4 Nf7 34. Bc3 Kf8 35. h4 Bf6 36. Qh3 Bxc3 37. Qxc3 Re5 38. a4 Re4 39. a5 1/2-1/2

[Event "Dortmund NRW Cup U20"]
[Site "Dortmund"]
[Date "2019.07.15"]
[Round "3"]
[White "Wensing, Maximilian"]
[Black "Elier, Ali"]
[Result "1-0"]
[WhiteElo "2109"]
[BlackElo "2030"]
[PlyCount "105"]
[EventDate "2019.07.13"]
[EventType "tourn"]
[EventRounds "9"]
[EventCountry "GER"]
[SourceTitle "CBM 191 Extra"]
[Source "ChessBase"]
[SourceDate "2019.09.30"]
[SourceVersion "1"]
[SourceVersionDate "2019.09.30"]
[SourceQuality "1"]

1. c4 e6 2. g3 Nf6 3. Bg2 d5 4. Nf3 Be7 5. 0-0 0-0 6. cxd5 exd5 7. d4 b6 8. Nc3 Bb7 9. Bf4 c5 10. dxc5 bxc5 11. Ne5 Nbd7 12. Qb3 Nb6 13. Rfd1 Qc8 14. Rac1 d4 15. Bxb7 Qxb7 16. Na4 Qa6 17. Nxc5 Bxc5 18. Rxc5 Qxe2 19. Rxd4 Rad8 20. Nf3 Rc8 21. Rxc8 Rxc8 22. Qd3 Qxd3 23. Rxd3 Nbd5 24. Be5 Kf8 25. Bd4 Nb4 26. Ra3 Rc1+ 27. Kg2 a6 28. Ra4 Nd3 29. Rxa6 Rc2 30. Ne5 Nxb2 31. Rb6 Na4 32. Rb8+ Ke7 33. Rb7+ Ke6 34. Nxf7 Rxa2 35. Ng5+ Kf5 36. Rxg7 Nh5 37. Rg8 Rd2 38. Be3 Rd7 39. Ra8 Nc3 40. Ra5+ Nd5 41. Nf3 Nhf6 42. Bd4 Ke6 43. Ng5+ Ke7 44. Ra6 h6 45. Re6+ Kd8 46. Bxf6+ Nxf6 47. Rxf6 hxg5 48. Rf8+ Kc7 49. Rf5 Rg7 50. Ra5 Rg6 51. Re5 Kd7 52. Re2 Kd6 53. Kh3 1-0

[Event "Muensterland Regionalliga 1819"]
[Site "Germany"]
[Date "2019.03.23"]
[Round "8.1"]
[White "Kabatianski, Alexander"]
[Black "Wensing, Maximilian"]
[Result "1/2-1/2"]
[WhiteElo "2328"]
[BlackElo "2092"]
[PlyCount "70"]
[EventDate "2018.09.08"]
[EventType "team-tourn"]
[EventRounds "9"]
[EventCountry "GER"]
[SourceTitle "EXT 2020"]
[Source "ChessBase"]
[SourceDate "2019.10.17"]
[SourceVersion "1"]
[SourceVersionDate "2019.10.17"]
[SourceQuality "1"]
[WhiteTeam "Emsdetten Rochade"]
[BlackTeam "Ahaus Wessum"]
[WhiteTeamCountry "GER"]
[BlackTeamCountry "GER"]

1. c4 Nf6 2. Nc3 d5 3. cxd5 Nxd5 4. g3 g6 5. Bg2 c6 6. Nf3 Bg7 7. 0-0 0-0 8. d4 Nb6 9. h3 h6 10. e4 Be6 11. Qc2 Na6 12. a3 Qd7 13. Kh2 Rad8 14. Rd1 Qc8 15. b3 f5 16. Bb2 fxe4 17. Nxe4 Bd5 18. Re1 Qf5 19. Re3 Nc8 20. Rae1 Nd6 21. Nh4 Bxe4 22. Rxe4 Qxf2 23. R4e2 Qf6 24. Nxg6 Nf5 25. Nxf8 Rxf8 26. Qd3 Qd6 27. Be4 Nxd4 28. Bxd4 Bxd4 29. Bh7+ Kh8 30. Rxe7 Nc5 31. Qg6 Rf2+ 32. Kh1 Qd5+ 33. R1e4 Rf1+ 34. Kg2 Rf2+ 35. Kh1 Rf1+ 1/2-1/2

[Event "Pfalz op 10th"]
[Site "Neustadt an der Weinstrasse"]
[Date "2019.03.03"]
[Round "5"]
[White "Kersten, Uwe"]
[Black "Wensing, Maximilian"]
[Result "1-0"]
[WhiteElo "2230"]
[BlackElo "2029"]
[PlyCount "109"]
[EventDate "2019.03.01"]
[EventType "swiss"]
[EventRounds "9"]
[EventCountry "GER"]
[SourceTitle "CBM 189 Extra"]
[Source "ChessBase"]
[SourceDate "2019.06.03"]
[SourceVersion "1"]
[SourceVersionDate "2019.06.03"]
[SourceQuality "1"]

1. d4 Nf6 2. Bg5 g6 3. Bxf6 exf6 4. g3 d5 5. Bg2 c6 6. e3 Qb6 7. b3 Bg7 8. Ne2 0-0 9. 0-0 f5 10. c4 dxc4 11. bxc4 c5 12. Nbc3 cxd4 13. exd4 Nc6 14. Nd5 Qd8 15. Qd2 Be6 16. Rac1 Rc8 17. Rfd1 Na5 18. Qb4 Re8 19. Kf1 Nxc4 20. Qxb7 Nd2+ 21. Rxd2 Rxc1+ 22. Nxc1 Bc8 23. Qc7 Ba6+ 24. Ne2 Rxe2 25. Rxe2 Qe8 26. Bf3 Bxe2+ 27. Bxe2 Bxd4 28. Qc2 Qe5 29. Bc4 Kg7 30. Qd3 Bc5 31. Kg2 h5 32. h4 Kh7 33. Nf4 Qe7 34. Nh3 Kg7 35. Qd5 Qe4+ 36. Qxe4 fxe4 37. Ng5 e3 38. fxe3 Bxe3 39. Nxf7 Kf6 40. Kf3 Bd2 41. Nd6 Be1 42. Ne4+ Kg7 43. Kf4 Ba5 44. Ke5 Bc7+ 45. Ke6 Bb6 46. Bb5 Bd4 47. Be8 Bb6 48. Kd6 Bd4 49. Kd5 Bb6 50. Kc4 Bc7 51. Kd3 Bb6 52. Ke2 Bc7 53. Kf3 Be5 54. Ng5 Kf6 55. Nh3 1-0

[Event "Pfalz op 10th"]
[Site "Neustadt an der Weinstrasse"]
[Date "2019.03.03"]
[Round "4"]
[White "Wensing, Maximilian"]
[Black "Schulze, Lara"]
[Result "1/2-1/2"]
[WhiteElo "2029"]
[BlackElo "2215"]
[PlyCount "78"]
[EventDate "2019.03.01"]
[EventType "swiss"]
[EventRounds "9"]
[EventCountry "GER"]
[SourceTitle "CBM 189 Extra"]
[Source "ChessBase"]
[SourceDate "2019.06.03"]
[SourceVersion "1"]
[SourceVersionDate "2019.06.03"]
[SourceQuality "1"]

1. Nf3 Nf6 2. g3 b5 3. Bg2 Bb7 4. d4 e6 5. 0-0 Be7 6. c3 c5 7. dxc5 Bxc5 8. b4 Be7 9. a4 bxa4 10. Rxa4 0-0 11. Be3 a5 12. b5 d5 13. Ne5 Nbd7 14. Nc6 Bxc6 15. bxc6 Ne5 16. Bg5 Nxc6 17. c4 Nb4 18. Bxf6 Bxf6 19. cxd5 exd5 20. e4 dxe4 21. Bxe4 Qxd1 22. Rxd1 Rae8 23. Bf3 Bd8 24. Nd2 Re5 25. Nc4 Rc5 26. Nd6 Bb6 27. Ne4 Rc2 28. Rd6 Bd8 29. Rd2 Rxd2 30. Nxd2 Nd3 31. Nb3 Bb6 32. Nxa5 Bxf2+ 33. Kf1 Bb6 34. Nc4 Bc7 35. Ra7 Ne5 36. Nxe5 Bxe5 37. Bd5 h5 38. Kg2 g5 39. Bf3 g4 1/2-1/2

[Event "Pfalz op 10th"]
[Site "Neustadt an der Weinstrasse"]
[Date "2019.03.02"]
[Round "2"]
[White "Wensing, Maximilian"]
[Black "Faerber, David"]
[Result "1/2-1/2"]
[WhiteElo "2029"]
[BlackElo "2276"]
[PlyCount "54"]
[EventDate "2019.03.01"]
[EventType "swiss"]
[EventRounds "9"]
[EventCountry "GER"]
[SourceTitle "CBM 189 Extra"]
[Source "ChessBase"]
[SourceDate "2019.06.03"]
[SourceVersion "1"]
[SourceVersionDate "2019.06.03"]
[SourceQuality "1"]

1. Nf3 d5 2. d4 Nf6 3. c4 e6 4. cxd5 exd5 5. Bg5 a6 6. e3 Be6 7. Nbd2 Nbd7 8. Be2 Bd6 9. 0-0 0-0 10. a3 c6 11. b4 Qc7 12. Bxf6 Nxf6 13. Qc2 Bg4 14. h3 Bh5 15. Bd3 Rae8 16. Nh4 Bg6 17. Nf5 Bxf5 18. Bxf5 Qe7 19. e4 dxe4 20. Rfe1 Bb8 21. Nxe4 g6 22. Qc5 Nxe4 23. Bxe4 Qh4 24. Qc2 f5 25. g3 Bxg3 26. Qb3+ Kg7 27. fxg3 Qxh3 1/2-1/2

[Event "Dortmund Helmut Kohl"]
[Site "Dortmund"]
[Date "2018.07.20"]
[Round "7"]
[White "Wensing, Maximilian"]
[Black "Bork, Sophie"]
[Result "1-0"]
[WhiteElo "2062"]
[BlackElo "1916"]
[PlyCount "91"]
[EventDate "2018.07.14"]
[EventType "tourn"]
[EventRounds "9"]
[EventCountry "GER"]
[SourceTitle "CBM 185 Extra"]
[Source "ChessBase"]
[SourceDate "2018.07.29"]
[SourceVersion "1"]
[SourceVersionDate "2018.07.29"]
[SourceQuality "1"]

1. e4 e5 2. Nf3 Nc6 3. Bc4 Bc5 4. 0-0 Nf6 5. d3 0-0 6. h3 h6 7. Re1 a6 8. c3 d6 9. Nbd2 Ba7 10. Bb3 Ne7 11. Nf1 Ng6 12. Ng3 Qe8 13. Nf5 Be6 14. Nh2 Qd7 15. g4 Bxb3 16. axb3 Ne7 17. Qf3 Nxf5 18. gxf5 Kh7 19. Ng4 Qe7 20. Qg3 Nxg4 21. hxg4 f6 22. Kg2 Rh8 23. Rh1 Kg8 24. Bd2 Kf7 25. Rh3 Rag8 26. Rah1 Ke8 27. Be3 Bxe3 28. Qxe3 Qf7 29. c4 c5 30. f4 exf4 31. Qxf4 Qe7 32. Ra1 Kd7 33. b4 cxb4 34. d4 Rc8 35. b3 Ke8 36. Re3 Kf7 37. Ra4 h5 38. Rg3 hxg4 39. Qxg4 Rcg8 40. Rxb4 Rh6 41. Rb6 Ke8 42. c5 Rgh8 43. cxd6 Qf7 44. Qxg7 Rh2+ 45. Kf3 Qh5+ 46. Qg4 1-0

[Event "Dortmund Helmut Kohl"]
[Site "Dortmund"]
[Date "2018.07.18"]
[Round "5"]
[White "Wensing, Maximilian"]
[Black "Knudsen, Simon"]
[Result "0-1"]
[WhiteElo "2062"]
[BlackElo "2197"]
[PlyCount "96"]
[EventDate "2018.07.14"]
[EventType "tourn"]
[EventRounds "9"]
[EventCountry "GER"]
[SourceTitle "CBM 185 Extra"]
[Source "ChessBase"]
[SourceDate "2018.07.29"]
[SourceVersion "1"]
[SourceVersionDate "2018.07.29"]
[SourceQuality "1"]

1. e4 c5 2. Nf3 e6 3. b3 a6 4. Bb2 Qc7 5. g3 d6 6. Bg2 Nd7 7. 0-0 Ngf6 8. Qe2 Be7 9. c4 Rb8 10. Nc3 e5 11. d3 0-0 12. Bc1 Re8 13. Bg5 h6 14. Bxf6 Nxf6 15. Ne1 Be6 16. Nc2 b5 17. Ne3 Qc8 18. f4 b4 19. Nb1 exf4 20. gxf4 Ng4 21. Nd2 Nxe3 22. Qxe3 Bf6 23. Kh1 Bxa1 24. Rxa1 Qd8 25. Rf1 Qf6 26. e5 Bf5 27. Nf3 Qe6 28. d4 Bg4 29. dxc5 Bxf3 30. Bxf3 Qh3 31. Rg1 dxe5 32. Rg3 Qf5 33. fxe5 Rxe5 34. Qg1 Qf6 35. Bd5 Rbe8 36. Rf3 Qxf3+ 37. Bxf3 Re1 38. c6 Rxg1+ 39. Kxg1 Rc8 40. Kf2 Kf8 41. Ke3 Ke7 42. Kd4 Kd6 43. c5+ Kc7 44. Kc4 Rb8 45. Bd5 f5 46. Bf3 g5 47. Kd5 g4 48. Bh1 Re8 0-1

[Event "Dortmund Helmut Kohl"]
[Site "Dortmund"]
[Date "2018.07.17"]
[Round "4"]
[White "Garbuz, Vitaliy"]
[Black "Wensing, Maximilian"]
[Result "1-0"]
[WhiteElo "2055"]
[BlackElo "2062"]
[PlyCount "77"]
[EventDate "2018.07.14"]
[EventType "tourn"]
[EventRounds "9"]
[EventCountry "GER"]
[SourceTitle "CBM 185 Extra"]
[Source "ChessBase"]
[SourceDate "2018.07.29"]
[SourceVersion "1"]
[SourceVersionDate "2018.07.29"]
[SourceQuality "1"]

1. e4 c5 2. Nc3 a6 3. a4 Nc6 4. g3 g6 5. Bg2 Bg7 6. d3 e6 7. Be3 Nd4 8. Qd2 Qb6 9. Nd1 Ne7 10. Ra3 d6 11. c3 Ndc6 12. Ne2 Qc7 13. 0-0 0-0 14. f4 Bd7 15. g4 f5 16. Nf2 b5 17. axb5 axb5 18. Rfa1 Qb7 19. gxf5 exf5 20. e5 Rxa3 21. Rxa3 b4 22. Ra1 bxc3 23. bxc3 dxe5 24. Bxc5 Ra8 25. Re1 Re8 26. Qa2+ Kh8 27. fxe5 Bxe5 28. d4 Bg7 29. d5 Qb5 30. dxc6 Nxc6 31. Qd5 Na5 32. Bd4 Bc6 33. Bxg7+ Kxg7 34. Qd3 Qc5 35. Bxc6 Nxc6 36. Rd1 Re3 37. Qd6 Qxd6 38. Rxd6 Ne5 39. Kf1 1-0

[Event "GER-ch U16"]
[Site "Willingen"]
[Date "2018.05.23"]
[Round "6"]
[White "Wensing, Maximilian"]
[Black "Holinka, Henning"]
[Result "1/2-1/2"]
[WhiteElo "2027"]
[BlackElo "2115"]
[PlyCount "53"]
[EventDate "2018.05.19"]
[EventType "swiss"]
[EventRounds "9"]
[EventCountry "GER"]
[SourceTitle "CBM 184 Extra"]
[Source "ChessBase"]
[SourceDate "2018.06.28"]
[SourceVersion "1"]
[SourceVersionDate "2018.06.28"]
[SourceQuality "1"]

1. e4 g6 2. d4 Bg7 3. Nc3 d6 4. Be3 a6 5. f4 b5 6. Be2 b4 7. Na4 Bb7 8. Bf3 Nd7 9. e5 Qc8 10. c3 bxc3 11. bxc3 c5 12. Rb1 Rb8 13. Bxb7 Rxb7 14. Nf3 Nh6 15. 0-0 0-0 16. Rxb7 Qxb7 17. exd6 exd6 18. dxc5 Re8 19. Re1 Nf5 20. Bf2 Rxe1+ 21. Qxe1 Nxc5 22. Nxc5 dxc5 23. Qe8+ Bf8 24. Bxc5 Qb1+ 25. Ne1 Nd6 26. Qe2 Ne4 27. Bd4 1/2-1/2

[Event "GER-ch U25-A"]
[Site "Willingen"]
[Date "2017.06.10"]
[Round "9"]
[White "Zell, Mirjam"]
[Black "Wensing, Maximilian"]
[Result "1-0"]
[WhiteElo "1640"]
[BlackElo "1883"]
[PlyCount "91"]
[EventDate "2017.06.04"]
[EventType "swiss"]
[EventRounds "9"]
[EventCountry "GER"]
[SourceTitle "CBM 178 Extra"]
[Source "ChessBase"]
[SourceDate "2017.06.22"]
[SourceVersion "1"]
[SourceVersionDate "2017.06.22"]
[SourceQuality "1"]

1. e4 c5 2. Nf3 d6 3. Bb5+ Nd7 4. Bd3 Ngf6 5. 0-0 e6 6. Re1 Be7 7. c3 0-0 8. Bc2 b6 9. a4 Qc7 10. d3 h6 11. Na3 a6 12. Be3 Re8 13. d4 Bb7 14. Bd2 Rac8 15. Rc1 Qb8 16. h3 Bc6 17. Bf4 Nf8 18. Nc4 cxd4 19. cxd4 b5 20. axb5 axb5 21. Ncd2 Qb7 22. e5 Nd5 23. Bh2 dxe5 24. dxe5 Red8 25. Qe2 Nb4 26. Bb1 Rd7 27. Ne4 Rcd8 28. Nd6 Bxd6 29. exd6 Bxf3 30. gxf3 Rxd6 31. Bxd6 Rxd6 32. Be4 Qe7 33. Kh2 Qh4 34. Rg1 f5 35. Bb1 Nd5 36. Rg3 Qf4 37. Rcg1 Rd7 38. Ba2 Qd6 39. Bxd5 Qxd5 40. Qe3 Kh7 41. Qa3 Rf7 42. Qc3 e5 43. f4 Nd7 44. fxe5 Nxe5 45. f4 b4 46. Qxe5 1-0

[Event "GER-ch U25-A"]
[Site "Willingen"]
[Date "2017.06.08"]
[Round "7"]
[White "Gressmann, Moritz"]
[Black "Wensing, Maximilian"]
[Result "1/2-1/2"]
[WhiteElo "2039"]
[BlackElo "1883"]
[PlyCount "41"]
[EventDate "2017.06.04"]
[EventType "swiss"]
[EventRounds "9"]
[EventCountry "GER"]
[SourceTitle "CBM 178 Extra"]
[Source "ChessBase"]
[SourceDate "2017.06.22"]
[SourceVersion "1"]
[SourceVersionDate "2017.06.22"]
[SourceQuality "1"]

1. e4 c5 2. Nf3 d6 3. Bb5+ Nd7 4. d4 Ngf6 5. Nc3 cxd4 6. Qxd4 a6 7. Bxd7+ Bxd7 8. h3 h6 9. Be3 e5 10. Qd3 Be6 11. a4 Rc8 12. a5 Be7 13. Qd2 Qc7 14. 0-0 Qc6 15. Ra4 Bc4 16. Rfa1 0-0 17. Ne1 d5 18. exd5 Bxd5 19. Nxd5 Nxd5 20. c3 Rfd8 21. Qe2 1/2-1/2

[Event "Pfalz op-B 8th"]
[Site "Neustadt an der Weinstrasse"]
[Date "2017.02.27"]
[Round "6"]
[White "Koellner, Aaron Noah"]
[Black "Wensing, Maximilian"]
[Result "0-1"]
[WhiteElo "1788"]
[BlackElo "1943"]
[PlyCount "62"]
[EventDate "2017.02.24"]
[EventType "swiss"]
[EventRounds "7"]
[EventCountry "GER"]
[SourceTitle "CBM 177 Extra"]
[Source "ChessBase"]
[SourceDate "2017.04.27"]
[SourceVersion "1"]
[SourceVersionDate "2017.04.27"]
[SourceQuality "1"]

1. d4 Nf6 2. Bg5 Ne4 3. Bf4 d5 4. e3 e6 5. Bd3 c5 6. c3 Nc6 7. Nd2 Nf6 8. Ngf3 Bd6 9. Bxd6 Qxd6 10. 0-0 0-0 11. dxc5 Qxc5 12. e4 Rd8 13. Qe2 e5 14. Rad1 Bg4 15. h3 Bh5 16. Qe3 Qe7 17. Rfe1 a6 18. Be2 Bg6 19. Bd3 Rd7 20. Nh4 Rad8 21. Nxg6 hxg6 22. Bc2 d4 23. cxd4 Nxd4 24. Bd3 Nc6 25. Bc4 Qb4 26. Re2 Nd4 27. Ree1 Nc2 28. Qg5 Nxe1 29. Qxe5 Rxd2 30. Bxf7+ Kxf7 31. Qc7+ R8d7 0-1